زاد المعاد في هدى خير العباد محمد خاتم النبيين واملم المرسلين

Bibliographic Details
Main Author: ابن قيم الجوزية، محمد بن ابي بكر (Author)
Format: Book
Published: Qahirah : al-Matba`ah al-Misriyah , 1973
Subjects:

MARC

LEADER 00000cam a2200000 7i4500
001 0000005633
005 20200805093000.0
008 021119s1973
090 0 0 |a BP75   |b .Q29 1973 
100 0 |a ابن قيم الجوزية، محمد بن ابي بكر ,   |e author 
245 1 0 |a زاد المعاد في هدى خير العباد محمد خاتم النبيين واملم المرسلين   |c ابن قيم الجوزية 
260 2 |a Qahirah :   |b al-Matba`ah al-Misriyah ,   |c 1973 
300 |a 4 v. in 2. ;   |c 25 cm. 
650 0 |a Islam   |x Customs and practices   |v Early works to 1800 
745 0 0 |a Zad al-maad fi-hady khayr al-ibad 
999 |a 1000015825   |b Book   |c OPEN SHELF (30 DAYS)   |e Gong Badak Campus 
999 |a 1000015826   |b Book   |c OPEN SHELF (30 DAYS)   |e Gong Badak Campus 
999 |a 1000015827   |b Book   |c OPEN SHELF (30 DAYS)   |e Gong Badak Campus 
999 |a 1000015828   |b Book   |c OPEN SHELF (30 DAYS)   |e Gong Badak Campus 
999 |a 1000015832   |b Book   |c OPEN SHELF (30 DAYS)   |e Gong Badak Campus 
999 |a 1000015833   |b Book   |c OPEN SHELF (30 DAYS)   |e Gong Badak Campus